450 aniversario de la concesión del título de Ciudad Fidelísima a la villa de Alcudia y del dictado de Fidelísimos a sus moradores. (Record no. 23875)

MARC details
000 -LEADER
campo de control de longitud fija 00618nam a2200157 i 4500
001 - NÚMERO DE CONTROL
campo de control 23875
003 - IDENTIFICADOR DE NÚMERO DE CONTROL
campo de control ES-MaACL
005 - FECHA Y HORA DE LA ÚLTIMA TRANSACCIÓN
campo de control 20230906152942.0
007 - CAMPO FIJO DE DESCRIPCIÓN FÍSICA--INFORMACIÓN GENERAL
campo de control de longitud fija t|
008 - DATOS DE LONGITUD FIJA--INFORMACIÓN GENERAL
campo de control de longitud fija 021213s1973 sp ||||1| spa d
245 00 - MENCIÓN DEL TÍTULO
Título 450 aniversario de la concesión del título de Ciudad Fidelísima a la villa de Alcudia y del dictado de Fidelísimos a sus moradores.
260 ## - PUBLICACIÓN, DISTRIBUCIÓN, ETC.
Lugar de publicación, distribución, etc. Alcudia :
Nombre del editor, distribuidor, etc. Ayuntamiento de Alcudia,
Fecha de publicación, distribución, etc. 1973.
300 ## - DESCRIPCIÓN FÍSICA
Extensión 59 p., 1 lám. ;
Dimensiones 27 cm.
740 0# - ENTRADA AGREGADA--TÍTULO RELACIONADO/ANALÍTICO NO CONTROLADO
Título relacionado o analítico no controlado Cuatrocientos cincuenta aniversario de la concesión del título de Ciudad Fidelísima a la villa de Alcudia...
852 ## - LOCALIZACIÓN
Ubicación ES-MaACL
Número de control de estantería C-56232
Sublocalización o colección R.88801
Holdings
Estatus retirado Estado de pérdida Estado de daño No para préstamo Biblioteca de origen Biblioteca actual Ubicación en estantería Fecha de adquisición Fuente de adquisición Total de préstamos Signatura topográfica completa Código de barras Visto por última vez Precio de reemplazo Tipo de ítem Koha
        Biblioteca del Ateneo de Madrid Biblioteca del Ateneo de Madrid Depósito 2 17/01/2008     C-56232 1024605 23/02/2023 23/02/2023 Libro impreso